Povedzte to videom

Novinkou, ktorá sa šíri svetom, sú krátke videá. Začali ich využívať aj hotely a reštaurácie. Twitter kraľuje najkratšiemu videu. Instagram konkuruje jednoduchosťou. Výhody Instagramu a Vine. Ako využiť videá vo svoj prospech. Výhody vlastného You Tube kanálu. V pohybe je sila.

Guardado en:
Detalles Bibliográficos
Autor principal: Tinková, Lenka
Formato: Capítulo de libro
Lenguaje:eslovaco
Materias:
Etiquetas: Agregar Etiqueta
Sin Etiquetas, Sea el primero en etiquetar este registro!

MARC

LEADER 00000naa a2200000 4500
001 0180003
005 20231011125847.6
041 0 |a slo 
044 |a SK 
245 1 0 |a Povedzte to videom  |c Lenka Tinková 
520 |a Novinkou, ktorá sa šíri svetom, sú krátke videá. Začali ich využívať aj hotely a reštaurácie. Twitter kraľuje najkratšiemu videu. Instagram konkuruje jednoduchosťou. Výhody Instagramu a Vine. Ako využiť videá vo svoj prospech. Výhody vlastného You Tube kanálu. V pohybe je sila. 
610 2 0 |a technológie informačné 
610 2 0 |a technológie komunikačné 
610 2 0 |a internet 
610 2 0 |a marketing 
610 2 0 |a reklama 
610 2 0 |a hotely 
100 1 |a Tinková, Lenka